000 00218nam a22000857a 4500
008 170626b xxu||||| |||| 00| 0 eng d
100 _93712
_aRavi. S
245 _aTogether with English -X
260 _aNew Delhi
_bRachana
_c2008
999 _c7133
_d7133